[Event "IECG QN.2002.0.00241"]
[Site "IECG email"]
[Date "2002.10.11"]
[Round "?"]
[White "Borgen, Rune"]
[Black "Serrano Galarraga, Jose Luis"]
[Result "1-0"]
[WhiteElo "800"]
[BlackElo "800"]
[PlyCount "67"]
[EventDate "2002.10.11"]
[EventType "tourn (corr)"]
[EventRounds "6"]
[SourceTitle "Corr 2008"]
[Source "ChessBase"]
[SourceDate "2008.06.24"]
[SourceVersion "1"]
[SourceVersionDate "2008.06.24"]
[SourceQuality "1"]

1. e4 e5 2. Nf3 Nc6 3. Bc4 Nf6 4. d3 d5 5. exd5 Nxd5 6. Bxd5 Qxd5 7. Nc3 Bb4 8. 0-0 Bxc3 9. bxc3 Bg4 10. c4 Bxf3 11. cxd5 Bxd1 12. Rxd1 Nd4 13. Bb2 0-0-0 14. c4 c6 15. Bxd4 exd4 16. Rac1 cxd5 17. cxd5+ Kb8 18. Re1 Rxd5 19. Re7 Rc8 20. Rxc8+ Kxc8 21. Rxf7 Rd7 22. Rxd7 Kxd7 23. Kf1 Kd6 24. Ke2 Kc5 25. Kd2 Kb4 26. Kc2 Ka3 27. Kb1 b5 28. h4 b4 29. g4 b3 30. f4 bxa2+ 31. Ka1 Kb3 32. f5 Kc3 33. g5 Kxd3 34. f6 1-0

[Event "IECG QN.2002.0.00241"]
[Site "IECG email"]
[Date "2002.10.11"]
[Round "?"]
[White "Serrano Galarraga, Jose Luis"]
[Black "Venturas, Bob"]
[Result "1-0"]
[WhiteElo "800"]
[BlackElo "713"]
[PlyCount "103"]
[EventDate "2002.10.11"]
[EventType "tourn (corr)"]
[EventRounds "6"]
[SourceTitle "Corr 2008"]
[Source "ChessBase"]
[SourceDate "2008.06.24"]
[SourceVersion "1"]
[SourceVersionDate "2008.06.24"]
[SourceQuality "1"]

1. e4 e5 2. Nf3 Nc6 3. d4 d6 4. Nc3 Bg4 5. d5 Nd4 6. Be2 Bxf3 7. Bxf3 a6 8. Be3 Nxf3+ 9. Qxf3 Qf6 10. Qe2 Qe7 11. 0-0 g6 12. Na4 Bg7 13. c4 Nf6 14. f3 Nh5 15. b4 Qh4 16. g3 Qh3 17. c5 0-0 18. Qg2 Qd7 19. Qc2 f5 20. cxd6 Rac8 21. dxc7 Rxc7 22. Bc5 Rf7 23. Nb6 Qd8 24. Rad1 Qg5 25. d6 Rc6 26. d7 Bf6 27. exf5 gxf5 28. Qd2 Qxd2 29. Rxd2 Bd8 30. Nc4 Re6 31. Na5 Nf6 32. Nxb7 Rxd7 33. Rxd7 Nxd7 34. Nxd8 Re8 35. Nb7 Nf6 36. Nd6 Rd8 37. Nxf5 Rd2 38. Rf2 Rd1+ 39. Kg2 Nd5 40. Ne7+ Nxe7 41. Bxe7 Kf7 42. Bc5 Rc1 43. Rd2 a5 44. Bd6 axb4 45. Bxb4 Rc4 46. a3 h5 47. Rd5 Ke6 48. Rc5 Rd4 49. Rxe5+ Kd7 50. Rxh5 Ke6 51. g4 Kf6 52. Bc3 1-0

[Event "IECG QN.2001.0.00198"]
[Site "IECG email"]
[Date "2001.10.18"]
[Round "?"]
[White "Serrano Galarraga, Jose Luis"]
[Black "Tranquillo, Massimo"]
[Result "1-0"]
[WhiteElo "800"]
[BlackElo "800"]
[PlyCount "33"]
[EventDate "2001.10.18"]
[EventType "tourn (corr)"]
[EventRounds "6"]
[SourceTitle "Corr 2008"]
[Source "ChessBase"]
[SourceDate "2008.06.24"]
[SourceVersion "1"]
[SourceVersionDate "2008.06.24"]
[SourceQuality "1"]

1. e4 c5 2. Nf3 d6 3. d4 cxd4 4. Nxd4 Nf6 5. Nc3 a6 6. Bg5 e6 7. f4 Be7 8. e5 dxe5 9. fxe5 Nfd7 10. Bxe7 Qxe7 11. Qh5 Qb4 12. 0-0-0 Qc5 13. Nxe6 Qe3+ 14. Kb1 g6 15. Nc7+ Kd8 16. Qh4+ Kxc7 17. Nd5+ 1-0

[Event "IECG QN.2001.0.00198"]
[Site "IECG email"]
[Date "2001.10.18"]
[Round "?"]
[White "Sontag, Manuel"]
[Black "Serrano Galarraga, Jose Luis"]
[Result "0-1"]
[WhiteElo "800"]
[BlackElo "800"]
[PlyCount "52"]
[EventDate "2001.10.18"]
[EventType "tourn (corr)"]
[EventRounds "6"]
[SourceTitle "Corr 2008"]
[Source "ChessBase"]
[SourceDate "2008.06.24"]
[SourceVersion "1"]
[SourceVersionDate "2008.06.24"]
[SourceQuality "1"]

1. e4 e5 2. Nc3 Nc6 3. Bc4 Nf6 4. Nf3 Nxe4 5. 0-0 Nxc3 6. dxc3 Be7 7. Be3 0-0 8. Qd5 d6 9. b3 Be6 10. Qb5 d5 11. Qxb7 Na5 12. Qb5 c6 13. Qa6 Bc8 14. Nxe5 Bxa6 15. Bxa6 Bf6 16. Nd3 Bxc3 17. Rad1 d4 18. Nc5 Qb6 19. b4 dxe3 20. bxa5 exf2+ 21. Rxf2 Qxc5 22. Rdf1 Bd4 23. h3 Bxf2+ 24. Rxf2 Rad8 25. Bd3 Rfe8 26. Kf1 Rxd3 0-1